Statistics for 1994-95 FA Premier League

Click here to take the quiz!

General Stats

  • This quiz has been taken 9 times
  • The average score is 18 of 22

Answer Stats

PositionTeamsQualification or Relegation% Correct
12Arsenal
100%
1Blackburn RoversQualification for the Champions League group stage
100%
15EvertonQualification for the Cup Winner's Cup first round
100%
5Leeds UnitedQualification for the UEFA Cup first round
100%
4LiverpoolQualification for the UEFA Cup first round
100%
17Manchester City
100%
2Manchester UnitedQualification for the UEFA Cup first round
100%
20Norwich CityRelegation to the Football League First Division
100%
10Southampton
100%
18Aston Villa
88%
11Chelsea
88%
3Nottingham ForestQualification for the UEFA Cup first round
88%
8Queens Park Rangers
88%
19Crystal PalaceRelegation to the Football League First Division
75%
22Ipswich TownRelegation to the Football League First Division
75%
6Newcastle United
75%
13Sheffield Wednesday
75%
14West Ham United
75%
16Coventry City
50%
21Leicester CityRelegation to the Football League First Division
50%
7Tottenham Hotspurs
50%
9Wimbledon
50%

Score Distribution

Percentile by Number Answered

Percent of People with Each Score

Your Score History

You have not taken this quiz